Estudio de pre factibilidad de una Planta procesadora de concentrado a base de Marango en el departamento de Chontales, Nicaragua
Presenta un estudio de prefactibilidad de una planta procesadora de concentrado a base de Marango, la misma permitirá aprovechar los recursos existentes en el país y un ´producto sustituto de importancia para el consumo del ganado, que es uno de los rubros de importancia para las exportaciones del...
| Main Authors: | , |
|---|---|
| Other Authors: | |
| Format: | Tesis Section = Libro |
| Language: | Undetermined Spanish |
| Published: |
Managua
UNI
2017
|
| Subjects: |
| LEADER | 01288nam a2200277Ia 4500 | ||
|---|---|---|---|
| 008 | 240830s9999 xx 000 0 und d | ||
| 040 | |a BIBLIOTECA-RUSB/ M.Mon 664.76 F634 | ||
| 041 | |a spa | ||
| 082 | |a M.Mon 664.76 F634 | ||
| 100 | 1 | |a Flores Castillo, Karen Elizabeth | |
| 100 | 1 | |b Soza Alemán, Yambrina Linyen | |
| 245 | 1 | 0 | |a Estudio de pre factibilidad de una Planta procesadora de concentrado a base de Marango en el departamento de Chontales, Nicaragua |
| 260 | |a Managua |b UNI |c 2017 | ||
| 300 | |a 141 p. :il. | ||
| 500 | |a Contiene: anexos. | ||
| 502 | |a Tesis (Máster en Gerencia de Proyectos de Desarrollo) - UNI, 2017. | ||
| 520 | 3 | |a Presenta un estudio de prefactibilidad de una planta procesadora de concentrado a base de Marango, la misma permitirá aprovechar los recursos existentes en el país y un ´producto sustituto de importancia para el consumo del ganado, que es uno de los rubros de importancia para las exportaciones del país. | |
| 650 | 7 | |a EMPRESAS-PROYECTOS | |
| 650 | 7 | |b PLANTA PROCESADORA-ALIMENTOS PARA GANADOS | |
| 650 | 7 | |c CONCENTRADOS DE MARANGO-INDUSTRIA Y COMERCIO | |
| 650 | 7 | |d ESTUDIO DE MERCADO | |
| 650 | 7 | |e EMPRESAS-FINANCIACION | |
| 700 | 1 | |a Tutor: |b Caldera Alfaro, Mario José | |
| 942 | |c BK |2 ddc | ||
| 991 | |a TESIS | ||
| 999 | |c 19528 | ||